|
|
|
|
| LEADER |
01414nam a2200337 a 4500 |
| 001 |
43805 |
| 003 |
BD-DhAAL |
| 005 |
20250814181057.0 |
| 008 |
241204t1987 gw a b 001 0 eng |
| 010 |
|
|
|a 87009473
|
| 020 |
|
|
|a 0387173862 (pbk. : U.S.)
|
| 020 |
|
|
|a 3540173862
|
| 040 |
|
|
|a DLC
|c DLC
|d DLC
|d BD-DhAAL
|
| 050 |
0 |
0 |
|a QC793.46
|b .L46 1987
|
| 082 |
0 |
0 |
|a 539.721
|2 19
|
| 100 |
1 |
|
|a Leo, William R.,
|d 1948-
|9 57242
|
| 245 |
1 |
0 |
|a Techniques for nuclear and particle physics experiments :
|b a how-to approach /
|c William R. Leo.
|
| 260 |
|
|
|a Berlin ;
|a New York :
|b Springer-Verlag,
|c c1987.
|
| 300 |
|
|
|a xvi, 368 pages :
|b illustrations ;
|c 24 cm
|
| 500 |
|
|
|a Includes index.
|
| 504 |
|
|
|a Includes bibliographical references [351]-360 and index.
|
| 541 |
|
|
|a Donated by Oishik Hasan ID: 20311002
|e 43805
|
| 650 |
|
0 |
|a Particles (Nuclear physics)
|x Technique.
|9 2525
|
| 650 |
|
0 |
|a Particles (Nuclear physics)
|x Experiments.
|9 2529
|
| 650 |
|
0 |
|a Nuclear physics
|x Technique.
|
| 650 |
|
0 |
|a Nuclear physics
|x Experiments.
|
| 650 |
|
0 |
|a Nuclear counters.
|
| 852 |
|
|
|a Ayesha Abed Library
|c General Stacks
|
| 942 |
|
|
|2 ddc
|c BK
|
| 999 |
|
|
|c 47181
|d 47181
|
| 952 |
|
|
|0 0
|1 0
|2 ddc
|4 0
|6 539_721000000000000_LEO
|7 0
|9 77005
|a BRACUL
|b BRACUL
|c GEN
|d 2024-12-04
|e Donated by Oishik Hasan ID: 20311002
|l 0
|o 539.721 LEO
|p 3010043805
|r 2024-12-05
|t 1
|w 2024-12-04
|y BK
|x Donated by Oishik Hasan ID: 20311002. Price not available in register.
|